• 首页
  • 本馆介绍
  • 公告通知
  • 最新文献
  • 馆藏检索
  • 电子资源
  • 读者导购
  • 参考咨询
  • 我的图书馆
  • 登录
  • 详细信息显示
  • 放入我的书架
  • 预约/预借图书
  • 作者相关作品
  • 分类相关作品
  • 丛书相关作品
  • 出版社相关作品

书目信息

  • 表格格式
  • 工作单格式
  • 卡片格式
题名:
博物馆里的传世珠宝
    
 
作者: 田翊 编著
分册:  
出版信息: 北京   化学工业出版社  2018
页数: 303页
开本: 23cm
丛书名:
单 册:
中图分类: G269.1
科图分类:
主题词: 博物馆--bo wu guan--宝石--介绍--世界
电子资源:
ISBN: 978-7-122-30465-0
000 00960nam0 2200265 450
001 012001001442
005 20140108104850.0
010    @a978-7-122-30465-0@dCNY128.00
099    @aCAL 012018004530
100    @a20171226d2018 em y0chiy50 ea
101 0  @achi
102    @aCN@b110000
105    @aa z 000yy
106    @ar
200 1  @a博物馆里的传世珠宝@Abo wu guan li de chuan shi zhu bao@d= Jewelry Museum@f田翊编著@zeng
210    @a北京@c化学工业出版社@d2018
215    @a303页@c彩图@d23cm
314    @a田翊, 现任时尚集团旗下《芭莎珠宝》杂志编辑部主任等职。
330    @a本书主要内容包括: 大英博物馆典、大都会艺术博物馆、卢浮宫、埃米塔什博物馆、维多利亚和阿尔伯特博物馆、史密森尼国家自然历史博物馆、普福尔茨海姆首饰博物馆等。
510 1  @aJewelry Museum@zeng
606 0  @a博物馆@Abo wu guan@x宝石@x介绍@y世界
690    @aG269.1@v5
701  0 @a田翊@Atian yi@4编著
801  0 @aCN@b北京卓展@c20191020
905    @b1201915-8@dG269.1@e26@f4
    
    博物馆里的传世珠宝= Jewelry Museum/田翊编著.-北京:化学工业出版社,2018
    303页:彩图;23cm
    
    
    ISBN 978-7-122-30465-0:CNY128.00
    本书主要内容包括: 大英博物馆典、大都会艺术博物馆、卢浮宫、埃米塔什博物馆、维多利亚和阿尔伯特博物馆、史密森尼国家自然历史博物馆、普福尔茨海姆首饰博物馆等。
●
相关链接 在E读中查询图书 在五车中查询图书 在当当中查询图书 在豆瓣中查询图书


正题名:博物馆里的传世珠宝     索取号:G269.1/26         预约/预借

序号 登录号 条形码 馆藏地/架位号 状态 备注
1 1201915   212019153   第一样本阅览室/ [索取号:G269.1/26] 在馆    
2 1201916   212019162   第四借阅区/ [索取号:G269.1/26] 在馆    
3 1201917   212019171   第四借阅区/ [索取号:G269.1/26] 在馆    
4 1201918   212019180   第四借阅区/ [索取号:G269.1/26] 在馆    
唐山师范学院图书馆 欢迎您!
大连网信软件有限公司© 版权所有